00789nam a2200229Ia 4500003000400000005001700004008004100021020002200062040000700084041000800091082002300099100008600122245004600208260003000254300001700284365001400301650002300315906004800338942001200386999001900398952014200417OSt20230503154705.0210423s2021 xx 000 0 und d a978-1-138-99834-6 cAL aeng a659.072 223bJUGA aJUGENHEIMER (Donald W);BRADLEY (Samuel D);KELLEY (Lary D);HUDSON (Jerry C)997318 aAdvertising and public relations research aNew YorkbRoutledgec2021 aviii,367bPB b1995cINR aAdvertising997319 aAdvertising ; public ; relations ; research 2ddccBK c171017d171017 001040708MCOMFAaSACPGbSACPGd2021-03-17eBiblios Book Pointg1995.00l0o659.072 JUGApPG017519r2022-08-24 00:00:00w2021-04-26yBK